000
00273nam a2200121Ia 4500
008
190216s9999||||xx |||||||||||||| ||und||
100
_a
John Buchanan
245
0
_a
Thirty Nine Steps
260
_b
B I Publication
_c
1990
300
_a
212
650
_a
English
942
_c
BK
999
_c
13665
_d
13665